Global aspects of classical integrable systems
Saved in:
| Main Author: | |
|---|---|
| Other Authors: | |
| Format: | Book |
| Language: | English |
| Published: |
Basel :
Birkhauser Verlag,
1997
|
| Subjects: | |
| Tags: |
Add Tag
No Tags, Be the first to tag this record!
|
MARC
| LEADER | 00000nam a2200000 i 4500 | ||
|---|---|---|---|
| 001 | 1/72915 | ||
| 008 | 050309s1997 eng d | ||
| 020 | |a 3-7643-5485-2 (hbk.) | ||
| 035 | |l 10076953 | ||
| 040 | |a GR-MY-UA |b gre |e aacr | ||
| 041 | 0 | |a eng | |
| 082 | 0 | |a 514.74 |2 (21) | |
| 100 | 1 | |a Cushman, Richard H. |d 1942- | |
| 245 | 1 | 0 | |a Global aspects of classical integrable systems / |c Richard H. Cushman, Larry M. Bates |
| 260 | |a Basel : |b Birkhauser Verlag, |c 1997 | ||
| 300 | |a xvi, 435 σ.; |b εικ.; |c 24 εκ. | ||
| 504 | |a Περιλαμβάνει βιβλιογραφία και ευρετήριο | ||
| 650 | 0 | 0 | |a Dynamics. |
| 650 | 0 | 0 | |a Hamiltonian systems. |
| 700 | 1 | |a Bates, Larry M. |q (Larry Meredith) |d 1957- | |
| 852 | |a INST |b CHIOS |e 20050309 |h 514.74 CUS |p 005200022480 |q 005200022480 |t BK |y 0 | ||
| 901 | |a BIBL2-2005-1 | ||
| 909 | |a Χ |b 112459 | ||
| 920 | |a ΔΙΕΥΡΥΝΣΗ |b ΕΠΕΑΕΚ-ΤΜΟΔ |y ΧΙΟΣ |z 2004-12 | ||
| 970 | |a ΣΠΕΝΤΖΑ |b ΕΛΕΝΗ |z 2005/03/09 | ||